000 00714ntm a22002777a 4500
005 20260422184434.0
008 210813b2020 xxu||||| |||| 00| 0 spa d
020 _a9781651907566
041 _aESP
082 _a005.8 R696c
100 _aRodríguez Tolmo, Nicolas
_960969
245 _a¡Ciber-conciénciate!
260 _c2020
300 _a272 páginas
490 _aInvestigación Criminal
650 _aCIBERSEGURIDAD
650 _aCIBERESPIONAJE
650 _aDELITOS INFORMÁTICOS
650 _aDISPOSITOS MÓVILES
650 _aSEGURIDAD INFORMÁTICA
650 _aCRIPTOMONEDAS
650 _aBLOCKCHAIN
650 _aBIG DATA
650 _aINTELIGENCIA ARTIFICIAL
942 _cBK
_2ddc
999 _c13114
_d13114